Guía técnica de mantenimiento predictivo en motores trifásicos de corriente alterna y transformadores de distribución para el uso industrial
সংরক্ষণ করুন:
| প্রধান লেখক: | |
|---|---|
| অন্যান্য লেখক: | , , , |
| বিন্যাস: | গ্রন্থ |
| ভাষা: | Spanish |
| প্রকাশিত: |
[San José, Costa Rica]
2011
|
| বিষয়গুলি: | |
| ট্যাগগুলো: |
ট্যাগ যুক্ত করুন
কোনো ট্যাগ নেই, প্রথমজন হিসাবে ট্যাগ করুন!
|
MARC
| LEADER | 00000nam a22000007a 4500 | ||
|---|---|---|---|
| 003 | 010617 | ||
| 005 | 20230928131457.0 | ||
| 008 | 151111b2011 cr a|||| |||| 00| ||spa d | ||
| 040 | |c cru CEDI | ||
| 090 | |a TFG 6449 | ||
| 100 | |9 2281 |a Rodríguez Arguedas, Eduardo | ||
| 245 | |a Guía técnica de mantenimiento predictivo en motores trifásicos de corriente alterna y transformadores de distribución para el uso industrial | ||
| 260 | |a [San José, Costa Rica] |c 2011 | ||
| 300 | |a xiv, 179 hojas : ilustraciones (algunas a color) | ||
| 500 | |a Seminario de graduación (licenciatura en ingeniería eléctrica)--Universidad de Costa Rica. Facultad de Ingeniería. Escuela de Ingeniería Eléctrica | ||
| 501 | |a Director de Seminario de Graduación: Ing. Lic. Juan Ramón Rodríguez Solera | ||
| 650 | |x MOTORES ELECTRICOS DE INDUCCION |x TRANSFORMADORES ELECTRICOS |x TRANSPORTE - MANTENIMIENTO Y REPARACION |x REGULADORES ELECTRICOS |x CORRIENTES ELECTRICAS |9 2285 | ||
| 700 | |9 1658 |a Bustillo Piedra, Marvin, 1971- | ||
| 700 | |9 1657 |a Heilbron Carazo, Mariano, 1971- | ||
| 700 | |9 1661 |a España Mora, Oscar Martín , 1963- | ||
| 700 | |9 681 |a Rodríguez Solera, Juan Ramón, 1961- |d Director del TFG | ||
| 942 | |c CEDI | ||
| 999 | |c 14501 |d 14501 | ||
